LIBRARY & INFORMATION CENTRE, KCAET, TAVANUR

ONLINE PUBLIC ACCESS CATALOGUE (OPAC)

Introduction to Eighteenth century Drama 1700-1780 / (Record no. 11996)

MARC details
000 -LEADER
fixed length control field 00389cam a2200145ua 4500
041 ## - LANGUAGE CODE
Language code of text/sound track or separate title eng
082 ## - DEWEY DECIMAL CLASSIFICATION NUMBER
Classification number 828.09
Item number BOA/IN
100 ## - MAIN ENTRY--AUTHOR NAME
Personal name Boad, Fredench. S .
245 ## - TITLE STATEMENT
Title Introduction to Eighteenth century Drama 1700-1780 /
260 ## - PUBLICATION, DISTRIBUTION, ETC. (IMPRINT)
Place of publication :
Name of publisher Oxford & IBH Book Company ,
Year of publication 1953.
300 ## - PHYSICAL DESCRIPTION
Number of Pages 365 ; .
942 ## - ADDED ENTRY ELEMENTS (KOHA)
Koha item type Books
Holdings
Withdrawn status Lost status Damaged status Home library Current library Date acquired Cost, normal purchase price Full call number Accession Number Koha item type
Withdrawn     KAUAET KAUAET 07/04/2012 35.00 828.09 6667 Books
free website counter